English Counties flag quiz - Statistics

General Stats
  • This quiz has been taken 1,745 times
  • The average score is 24 of 47
Answer Stats
Picture Answer % Correct
Cornwall
85%
Lancashire
76%
Devon
73%
Essex
72%
Nottinghamshire
67%
City of London
64%
North Yorkshire
62%
Kent
59%
West Yorkshire
58%
Isle of Wight
56%
South Yorkshire
56%
Buckinghamshire
55%
Northumberland
55%
Cumbria
53%
Shropshire
52%
Somerset
52%
Worcestershire
52%
Dorset
51%
Lincolnshire
51%
Norfolk
51%
Staffordshire
51%
Warwickshire
51%
Herefordshire
50%
Gloucestershire
49%
Berkshire
48%
County Durham
48%
Surrey
48%
Tyne and Wear
48%
Rutland
47%
West Sussex
47%
Bedfordshire
46%
Cheshire
46%
East Sussex
46%
Hertfordshire
45%
West Midlands
45%
Hampshire
44%
Wiltshire
44%
Cambridgeshire
43%
Oxfordshire
43%
Derbyshire
42%
Greater Manchester
42%
Northamptonshire
42%
Greater London
41%
Leicestershire
39%
Merseyside
37%
Suffolk
33%
East Riding of Yorkshire
31%
No matching quizzes found
Score Distribution
Percent of People with Each Score
Percentile by Number Answered
Your Score History
You have not taken this quiz